5SOS lyric quiz (updated lyrics from SGFG and bonus songs) - Statistics

General Stats
  • This quiz has been taken 958 times
  • The average score is 10 of 20
Answer Stats
Hint Answer % Correct
"I don't wanna say goodbye to another night And watch you walk away" Waste the Night
89%
"Your bank account has got insufficient funds We can't afford to give up..." Hey Everybody!
79%
"And in the front row, you're going insane And in the back row you're killing the game" Money
75%
"Wrote it down on the walls, she was screaming it out made it clear, she's still here, are you listening now?" Broken Home
72%
"Cause you walked out and left me stranded Nothing left but picture frames" Castaway
68%
"I'm a fool in a one man show I'm a broken stereo, out of time" Catch Fire
67%
"We'll take another shot, shot, shot Cause you know you got perfect aim" Vapor
67%
"The rain, it came too soon, I will wait for you So love me again" Outer Space
62%
"So look at me in the eye Is anyone there at all Is anyone there at all" The Girl Who Cried Wolf
62%
"Wasted days, dreaming of the times I know I can't get back It seems I just lost track" Invisible
59%
"Say a prayer for the broken bones Cause who cares? We're all going home" Carry On
55%
"Last night, what a blur Woke up lying next to her" I Can't Remember
46%
"Don't talk, let me think it over How we gonna fix this?" The Only Reason
44%
"I never wanna wait for this, harder that I was made for this I won't fade into dark" Airplanes
43%
"'Cause I've been from place to place trying to bring you back" Lost Boy
36%
"Believing in second chances I lie awake in my own head" Over and Out
26%
"You know something I don't It's not like you to be cold" Over and Over
26%
"And now I'm shaking, wearing thin I've always wondered where you've been" Story of Another Us
26%
"It's the end of the road no matter what you do or say baby, you're not what I need" Independence Day
21%
"I heard that someone likes you, And it might be nothing but he's right in front of you." I've Got This Friend
21%
No matching quizzes found
Score Distribution
Percent of People with Each Score
Percentile by Number Answered
Your Score History
You have not taken this quiz